000
00297nmm a2200097Ia 4500
008
220120s9999||||xx |||||||||||||||||und||
020
_a
81-203-0835-2
100
_a
Digit
245
0
_a
Ubunto 11.0.4, beta ms office proffessional, windows 7 servi
260
_a
Nine dot nine interactive ltd.
_b
New Delhi
999
_c
139672
_d
139672